Guess the Soccer Clubs by Logo - Statistics

General Stats
  • This quiz has been taken 629 times
    615 since last reset
  • The average score is 14 of 16
Answer Stats
Picture Answer % Correct
Liverpool
100%
Barcelona
97%
Chelsea
97%
Manchester United
97%
Bayern Münich
95%
Manchester City
95%
AC Milan
93%
Celtic
93%
Inter Milan
89%
Aston Villa
88%
Porto
87%
Fulham
81%
Sevilla
79%
Burnley
74%
FC Köln
68%
Villareal
66%
No matching quizzes found
Score Distribution
Percent of People with Each Score
Percentile by Number Answered
Your Score History
You have not taken this quiz since the last reset